| 000 | 00486nam a22001697a 4500 | ||
|---|---|---|---|
| 005 | 20240904061740.0 | ||
| 008 | 240904b |||||||| |||| 00| 0 eng d | ||
| 020 | _a9781485101574 | ||
| 041 | _aEnglish | ||
| 082 | _a349 NAM | ||
| 100 | _lEnglish | ||
| 245 | _aIndex to the Namibian Law Reports 1990-2013 | ||
| 260 |
_aCape Town: _bJuta and Company Ltd, _c2014 |
||
| 300 |
_b507 pages; _c26 cm. |
||
| 650 |
_aLegal practice _bLaw |
||
| 942 |
_cBK _6ALISON_BN_VRIES |
||
| 999 |
_c3000 _d3000 |
||